[Event "Groningen Atlantis"]
[Site "Groningen"]
[Date "2007.06.10"]
[Round "1"]
[White "Monroy, Charles"]
[Black "Kodentsov, Grigori"]
[Result "1/2-1/2"]
[WhiteElo "2408"]
[BlackElo "2295"]
[PlyCount "75"]
[EventDate "2007.06.10"]
[EventType "tourn"]
[EventRounds "9"]
[EventCountry "NED"]
[EventCategory "4"]
[SourceTitle "CBM 118 Extra"]
[Source "ChessBase"]
[SourceDate "2007.07.04"]
[SourceVersion "1"]
[SourceVersionDate "2007.07.04"]
[SourceQuality "1"]

1. e4 e5 2. Nf3 Nc6 3. Bb5 a6 4. Bxc6 dxc6 5. 0-0 Ne7 6. h3 Ng6 7. d4 exd4 8. Nxd4 c5 9. Ne2 Qxd1 10. Rxd1 Bd7 11. Nbc3 0-0-0 12. Nf4 Bd6 13. Nfd5 Bc6 14. Be3 b6 15. a4 a5 16. Nb5 Bxd5 17. exd5 f5 18. Nxd6+ Rxd6 19. c4 Rd7 20. Bd2 Ne5 21. b3 Re8 22. Bc3 g6 23. Kf1 Nf7 24. Re1 Rde7 25. Rxe7 Rxe7 26. Re1 Rxe1+ 27. Kxe1 Kd7 28. Ke2 Nd6 29. f3 Nf7 30. Ke3 Kd6 31. Kf4 Kd7 32. Bg7 Kd6 33. Bb2 Kd7 34. Bg7 Kd6 35. g4 fxg4 36. fxg4 Kd7 37. Bb2 Kd6 38. Bg7 1/2-1/2